Human Papillomavirus (HPV) Vaccine Coverage Monitoring Manual.

Bibliographic Details
Format: eBook
Language:English
Published: Geneva : World Health Organization, 2020.
Edition:1st ed.
Subjects:
Online Access:Click to View
LEADER 02408nam a22003253i 4500
001 EBC31498785
003 MiAaPQ
005 20240729202206.0
006 m o d |
007 cr cnu||||||||
008 240729s2020 xx o ||||0 eng d
020 |a 9789240002746  |q (electronic bk.) 
035 |a (MiAaPQ)EBC31498785 
035 |a (Au-PeEL)EBL31498785 
040 |a MiAaPQ  |b eng  |e rda  |e pn  |c MiAaPQ  |d MiAaPQ 
245 1 0 |a Human Papillomavirus (HPV) Vaccine Coverage Monitoring Manual. 
250 |a 1st ed. 
264 1 |a Geneva :  |b World Health Organization,  |c 2020. 
264 4 |c Ã2020. 
300 |a 1 online resource (48 pages) 
336 |a text  |b txt  |2 rdacontent 
337 |a computer  |b c  |2 rdamedia 
338 |a online resource  |b cr  |2 rdacarrier 
505 0 |a Intro -- Preface -- Introduction -- 1.1 Background on HPV vaccination -- 1.2 Monitoring HPV vaccination coverage: Objectives, data needs and challenges -- 1.3 Considerations for school-based vaccination -- 1.4 Considerations for continuous (routine) versus periodic (campaign-style) HPV vaccination -- 1.5 Determining denominators for monitoring HPV vaccination -- 2. Tools for recording and reporting HPV vaccination -- 2.1 Types of data and reporting tools needed -- 2.2 Tally sheets -- 2.3 Immunization registers -- 2.4 Home-based records -- 2.5 Stock records and wastage monitoring -- 2.6 Monthly Summary Reports -- 2.7 Tracking doses and defaulters -- 3. Monitoring Coverage -- 3.1 Administrative coverage -- 3.2 Coverage surveys -- 3.3 Monitoring drop-out from HPV1 to HPV2 -- 4. Final observations -- Appendix 1. Data collection for HPV vaccination included in the WHO/UNICEF Join Reporting Form (JR -- Appendix 2. Use of a summary indicator of HPV vaccine coverage -- Appendix 3. Generating estimates of the target population for HPV vaccination. 
588 |a Description based on publisher supplied metadata and other sources. 
590 |a Electronic reproduction. Ann Arbor, Michigan : ProQuest Ebook Central, 2024. Available via World Wide Web. Access may be limited to ProQuest Ebook Central affiliated libraries.  
655 4 |a Electronic books. 
776 0 8 |i Print version:  |t Human Papillomavirus (HPV) Vaccine Coverage Monitoring Manual  |d Geneva : World Health Organization,c2020 
797 2 |a ProQuest (Firm) 
856 4 0 |u https://ebookcentral.proquest.com/lib/matrademy/detail.action?docID=31498785  |z Click to View